|
|
|
|
| LEADER |
00857nam a2200277 4500 |
| 001 |
DLU090093255 |
| 005 |
##20091201 |
| 040 |
# |
# |
|a DLU
|b eng
|
| 041 |
# |
# |
|a eng
|
| 044 |
# |
# |
|a jp
|
| 100 |
# |
# |
|a De Cicco, Virginia.
|
| 245 |
# |
# |
|a A Liouville type theorem for weighted elliptic equations /
|c Virginia De Cicco, Maria Agostina Vivaldi.
|
| 653 |
# |
# |
|a Elliptic equations
|
| 653 |
# |
# |
|a Fuchsian type
|
| 653 |
# |
# |
|a Liouville theorem
|
| 700 |
# |
# |
|a Vivaldi, Maria Agostina.
|
| 773 |
# |
# |
|t Advances in Mathematical Sciences and Applications
|g Vol. 9, no. 1 (1999), p. 183-207
|
| 920 |
# |
# |
|a Phòng Tạp chí -- Trung tâm Thông tin - Thư viện Trường Đại học Đà Lạt
|
| 994 |
# |
# |
|a DLU
|
| 900 |
# |
# |
|a True
|
| 911 |
# |
# |
|a Trương Bảo Trâm Anh
|
| 925 |
# |
# |
|a G
|
| 926 |
# |
# |
|a A
|
| 927 |
# |
# |
|a BB
|
| 980 |
# |
# |
|a Thư viện Trường Đại học Đà Lạt
|